_Vector Mechanics For Engineers[8th ed] Statics (Record no. 14897)
[ view plain ]
| 000 -LEADER | |
|---|---|
| fixed length control field | 00484nam a2200169Ia 4500 |
| 008 - FIXED-LENGTH DATA ELEMENTS--GENERAL INFORMATION | |
| fixed length control field | 151021s9999 xx 000 0 und d |
| 020 ## - INTERNATIONAL STANDARD BOOK NUMBER | |
| International Standard Book Number | 9.7800729769e+012 |
| 050 ## - LIBRARY OF CONGRESS CALL NUMBER | |
| Classification number | TA351.B44 2007 |
| 245 ## - TITLE STATEMENT | |
| Title | _Vector Mechanics For Engineers[8th ed] Statics |
| 260 ## - PUBLICATION, DISTRIBUTION, ETC. (IMPRINT) | |
| Place of publication, distribution, etc. | Boston McGraw-Hill 2007 |
| 300 ## - PHYSICAL DESCRIPTION | |
| Extent | xix,621p. |
| 500 ## - GENERAL NOTE | |
| General note | Includes index |
| 500 ## - GENERAL NOTE | |
| General note | Includes index |
| 650 ## - SUBJECT ADDED ENTRY--TOPICAL TERM | |
| Topical term or geographic name as entry element | _Statics |
| 700 ## - ADDED ENTRY--PERSONAL NAME | |
| Personal name | _E. Russell Johnston ,JR. |
| 980 ## - EQUIVALENCE OR CROSS-REFERENCE-SERIES STATEMENT--PERSONAL NAME/TITLE [LOCAL, CANADA] | |
| Personal name | ^d20140402 12:28:23^omwanik |
No items available.